000 00263nam a2200109Ia 4500
008 190216s9999||||xx |||||||||||||| ||und||
100 _aGovis
245 0 _aBritish Constitutional History
260 _bCompetition Success Review
650 _aHistory
942 _cBK
999 _c19566
_d19566